Supply Chain Risk Management : (Record no. 593642)

MARC details
000 -LEADER
fixed length control field 00467nam a2200181 a 4500
008 - FIXED-LENGTH DATA ELEMENTS--GENERAL INFORMATION
fixed length control field 251025s2007##################000#0#eng##
020 ## - INTERNATIONAL STANDARD BOOK NUMBER
ISBN 9780849366420
082 04 - DEWEY DECIMAL CLASSIFICATION NUMBER
Classification number 658.7
Item number HAN
100 1# - MAIN ENTRY--AUTHOR NAME
Personal name Handfield, Robert,
245 10 - TITLE STATEMENT
Title Supply Chain Risk Management :
260 ## - PUBLICATION, DISTRIBUTION, ETC. (IMPRINT)
Name of publisher Auerbach Publications,
Year of publication 2007.
650 #0 - SUBJECT ADDED ENTRY--TOPICAL TERM
Topical Term Business & Economics.
942 ## - ADDED ENTRY ELEMENTS (KOHA)
Koha item type English Books
Holdings
Withdrawn status Lost status Damaged status Not for loan Home library Current library Shelving location Date acquired Full call number Accession Number Price effective from Koha item type
        Anna Centenary Library Anna Centenary Library 6TH FLOOR, B WING 25.10.2025 658.7 HAN 151791 25.10.2025 English Books

Find us on the map